| 000 | 00673cam a22002051 4500 | ||
|---|---|---|---|
| 001 | sa 68014524 | ||
| 003 | DLC | ||
| 005 | 20260227112632.0 | ||
| 008 | 070625s1965 ii 000 0 eng | ||
| 010 | _asa 68014524 | ||
| 020 | _cunpriced | ||
| 040 |
_aDLC _cDLC _dDLC |
||
| 043 | _aa-ii--- | ||
| 050 | 0 | 0 |
_aTS103 _b.A54 |
| 110 | 2 | _aNational Industrial Development Corporation. | |
| 245 | 1 | 0 | _aReport of the Working Group on Intermediate and Secondary Engineering Products for fourth plan. |
| 260 |
_aNew Delhi, _bNational Industrial Development Corp, Technological Consultancy Bureau _c[1965] |
||
| 300 |
_a153 p. _c21 cm. |
||
| 650 | 0 |
_aIron industry and trade _zIndia. |
|
| 999 |
_c85864 _d85864 |
||